书目信息 |
| 题名: |
收音机修理经验100例
|
|
| 作者: | ;江都县无线电修理部 编著 | |
| 分册: | ||
| 出版信息: | 北京 人民邮电出版社 1981 |
|
| 页数: | 119页 | |
| 开本: | 19cm | |
| 丛书名: | ||
| 单 册: | ||
| 中图分类: | TN854 | |
| 科图分类: | ||
| 主题词: | 收音机--维修 | |
| 电子资源: | ||
| ISBN: | ||
| 000 | 00678nam0 2200229 45 | |
| 001 | 0181003992 | |
| 005 | 20060927151240.12 | |
| 010 | @dCNY0.30 | |
| 091 | @a15045.总2515-无6153 | |
| 100 | @a19950510d1981 em y0chiy0121 ea | |
| 101 | 0 | @achi |
| 102 | @aCN@b110000 | |
| 105 | @ay z 000yy | |
| 200 | 10 | @a收音机修理经验100例@Ashou yin ji xiu li jing yan 100 li@f江都县无线电修理部编著 |
| 210 | @a北京@c人民邮电出版社@d1981 | |
| 215 | @a119页@d19cm | |
| 606 | @a收音机@x维修 | |
| 690 | @aTN854 | |
| 711 | 02 | @a江都县无线电修理部@Ajiang dou xian wu xian dian xiu li bu@4编著 |
| 801 | 2 | @aCN@bNLC@c20060927 |
| 801 | 0 | @aCN@b上海图书馆@c20060814 |
| 905 | @f1@b58655@dTN854@e17 | |
| 收音机修理经验100例/江都县无线电修理部编著.-北京:人民邮电出版社,1981 |
| 119页;19cm |
| ISBN :CNY0.30 |
| ● |
| 相关链接 |
|
|
|
|
正题名:收音机修理经验100例
索取号:TN854/17
 
预约/预借
| 序号 | 登录号 | 条形码 | 馆藏地/架位号 | 状态 | 备注 |
| 1 | 0058655 | 001322312 | 第三借阅区/ [索取号:TN854/17] | 在馆 | |
| 2 | 0058657 | 202120560 | 第二样本阅览室/ [索取号:TN854/17] | 在馆 | |
| 3 | 0422923 | 204229236 | 密集书库/ [索取号:TN854/17] | 在馆 | |
| 4 | 0451552 | 204515523 | 密集书库/ [索取号:TN854/17] | 在馆 | |
| 5 | 0451553 | 204515532 | 密集书库/ [索取号:TN854/17] | 在馆 | |
| 6 | 0458066 | 204580667 | 密集书库/ [索取号:TN854/17] | 在馆 | |
| 7 | 0458067 | 204580676 | 密集书库/ [索取号:TN854/17] | 在馆 | |
| 8 | 0458068 | 204580685 | 密集书库/ [索取号:TN854/17] | 在馆 | |
| 9 | 0458069 | 204580694 | 密集书库/ [索取号:TN854/17] | 在馆 | |
| 10 | 0458070 | 204580701 | 密集书库/ [索取号:TN854/17] | 在馆 |